书目信息 |
| 题名: |
中文Word2000七日通
|
|
| 作者: | 王仁武 编著 | |
| 分册: | ||
| 出版信息: | 上海 上海科学技术出版社 1999.12 |
|
| 页数: | 217页 | |
| 开本: | 16开 | |
| 丛书名: | ||
| 单 册: | ||
| 中图分类: | TP317.2 | |
| 科图分类: | ||
| 主题词: | 软件 | |
| 电子资源: | ||
| ISBN: | 7-5323-5350-8 | |
| 000 | 00558nam0 2200193 45 | |
| 001 | 0008140972 | |
| 005 | 20000814092456.0 | |
| 010 | @a7-5323-5350-8@d20.00元 | |
| 100 | @a20000814d1999 km y0chiy0120 ea | |
| 101 | 0 | @achi |
| 105 | @a z 000yy | |
| 200 | 1 | @a中文Word2000七日通@AZhong Wen Word2000 Qi Ri Tong@f王仁武编著@FWang Ren Wu Bian Zhu |
| 210 | @a上海@c上海科学技术出版社@d1999.12 | |
| 215 | @a217页@d16开 | |
| 606 | 0 | @a软件 |
| 690 | @aTP317.2@v3 | |
| 701 | 0 | @a王仁武@4编著 |
| 801 | @aCN@bPftUser@c20000814 | |
| 905 | @b105048-050@dTP317.2@eW871@f3 | |
| 中文Word2000七日通/王仁武编著.-上海:上海科学技术出版社,1999.12 |
| 217页;16开 |
| ISBN 7-5323-5350-8:20.00元 |
| ● |
| 相关链接 |
|
|
|
正题名:中文Word2000七日通
索取号:TP317.2/W871
 
预约/预借
| 序号 | 登录号 | 条形码 | 馆藏地/架位号 | 状态 | 备注 |
| 1 | 105050 | 201050502 | 自科二线404/404自科库 22排3列6层/ [索取号:TP317.2/W871] | 在馆 |